000
00207nam a2200085Ia 4500
008
120527s9999 xx 000 0 und d
100
_a
KRISHNA, M.V.A
245
_a
Composition of cosmic radiation.
942
_c
BK
999
_c
24194
_d
24194